Biblioteka Instytutu Północnego w Olsztynie

Koniec imperium MSW : (Rekord nr 27472)

Szczegóły MARC
000 -Nagłówek
fixed length control field 02480cam a2200553 i 4500
001 - Nr kontrolny bibl., która utworzyła rek.
control field xx004655891
003 - Siglum bibl., której nr kontr. jest w 001
control field NUKAT
005 - Data i czas ostatniej operacji
control field 20260408123255.0
008 - Elementy pola stałej długości
fixed length control field 190703s2019 pl |001 0 pol c
020 ## - ISBN
ISBN 9788380986329
dopowiedzenie (oprawa twarda) :
warunki dostępności zł 35,00
035 ## - Systemowy numer kontrolny
systemowy numer kontrolny (OCoLC)1111756447
035 ## - Systemowy numer kontrolny
systemowy numer kontrolny (NUKAT)xx004655891
040 ## - Instytucja sporządzająca opis
Instytucja, która sporządziła opis WA M/MKI
język katalgowania-trzyzn. kod pol
zasady opisu rda
Instytucja, która sporządziła rekord WA M/MKI
Instytucja, która zmodyfikowała rekord WA M/HB
-- GD U/MJs
-- KAT U/AW
-- WA U/ZZ
-- WA 14/ABs
-- OLSZT 008/bak
045 2# - Okres czasu dla zawartości
czas między r. 9999 pne a nasz. czas. d1989
-- d1990
046 ## - Kod rodz. daty, data1, data2 (daty pne)
Begin/single date 2019
100 1# - Hasło główne-nazwa osobowa
Nazwa osobowa Kozłowski, Tomasz
Daty biograficzne (1984- ).
rodzaj współpracy Autor
9 (RLIN) 20218
245 10 - Tytuł właściwy i oznaczenie odpow.
tytuł Koniec imperium MSW :
dodatek do tytułu transformacja organów bezpieczeństwa państwa 1989-1990 /
dod. inf. ze s. tyt./ozn. odpow. Tomasz Kozłowski ; Instytut Pamięci Narodowej. Komisja Ścigania Zbrodni Przeciwko Narodowi Polskiemu.
260 ## - Adres wydawniczy
miejsce wydania, dystrybucji itp. Warszawa :
nazwa wydawcy, dystrybutora itp. Instytut Pamięci Narodowej. Komisja Ścigania Zbrodni Przeciwko Narodowi Polskiemu,
data wydania, dystrybucji itp. 2019.
300 ## - Opis fizyczny
objętość i/lub forma materiału 327, [1] strona ;
format 21 cm.
336 ## - Content Type
Term Tekst
Code txt
Source rdacontent
337 ## - Media Type
Term Bez urządzenia pośredniczącego
Code n
Source rdamedia
338 ## - Carrier Type
Term Wolumin
Code nc
Source rdacarrier
380 ## - Form of work
Form of work Książki
380 ## - Form of work
Form of work Publikacje naukowe
388 1# - TIME PERIOD OF CREATION
Time period of creation term 2001-
504 ## - Uwaga o bibliografii
uwaga o bibliografii Bibliografia na stronach 302-316. Indeks.
610 27 - Hasło przedmiotowe-nazwa ciała zbior.
nazwa ciała zbior. lub geogr. Ministerstwo Spraw Wewnętrznych (Polska ; 1954-1996)
źródło hasła DBN
9 (RLIN) 39406
610 27 - Hasło przedmiotowe-nazwa ciała zbior.
nazwa ciała zbior. lub geogr. Służba Bezpieczeństwa (SB ; Polska)
źródło hasła DBN
9 (RLIN) 39640
610 27 - Hasło przedmiotowe-nazwa ciała zbior.
nazwa ciała zbior. lub geogr. Urząd Ochrony Państwa (Polska)
źródło hasła DBN
9 (RLIN) 39641
610 17 - Hasło przedmiotowe-nazwa ciała zbior.
nazwa ciała zbior. lub geogr. Polska.
nazwa jednostki podrzędnej Służba Bezpieczeństwa
określnik rzeczowy historia.
źródło hasła kaba
9 (RLIN) 39642
610 17 - Hasło przedmiotowe-nazwa ciała zbior.
nazwa ciała zbior. lub geogr. Polska.
nazwa jednostki podrzędnej Urząd Ochrony Państwa
określnik rzeczowy historia.
źródło hasła kaba
9 (RLIN) 39643
610 17 - Hasło przedmiotowe-nazwa ciała zbior.
nazwa ciała zbior. lub geogr. Polska.
nazwa jednostki podrzędnej Ministerstwo Spraw Wewnętrznych (1954-1996).
źródło hasła kaba
9 (RLIN) 39148
648 #7 - SUBJECT ADDED ENTRY--CHRONOLOGICAL TERM
Chronological term 1901-2000
Source of heading or term DBN
9 (RLIN) 34996
648 #7 - SUBJECT ADDED ENTRY--CHRONOLOGICAL TERM
Chronological term 1989-2000
Source of heading or term DBN
9 (RLIN) 36156
650 #7 - Hasło przedmiotowe-nazwa pospolita
nazwa pospolita lub geogr. Reforma
źródło hasła DBN
9 (RLIN) 36143
650 #7 - Hasło przedmiotowe-nazwa pospolita
nazwa pospolita lub geogr. Służby specjalne
źródło hasła DBN
9 (RLIN) 39644
650 #7 - Hasło przedmiotowe-nazwa pospolita
nazwa pospolita lub geogr. Transformacja systemu społeczno-gospodarczego
źródło hasła DBN
9 (RLIN) 37459
650 #7 - Hasło przedmiotowe-nazwa pospolita
nazwa pospolita lub geogr. Weryfikacja kadr
źródło hasła DBN
9 (RLIN) 39645
650 #7 - Hasło przedmiotowe-nazwa pospolita
nazwa pospolita lub geogr. Służby wywiadowcze
określnik geograficzny Polska
określnik chronologiczny 1970-2000.
źródło hasła kaba
9 (RLIN) 39646
651 #7 - Hasło przedmiotowe-nazwa geogr.
nazwa geograficzna Polska
źródło hasła DBN
9 (RLIN) 35076
655 #7 - Termin określający rodzaj/formę
rodzaj/forma Monografia
źródło terminu DBN
9 (RLIN) 35240
658 ## - Nazwa określająca cel programu nauczania
główny cel programu nauczania Bezpieczeństwo i wojskowość
658 ## - Nazwa określająca cel programu nauczania
główny cel programu nauczania Historia
658 ## - Nazwa określająca cel programu nauczania
główny cel programu nauczania Polityka, politologia, administracja publiczna
710 2# - Hasło dodatkowe - nazwa ciała zbior.
nazwa ciała zbior. lub nazwa geogr. Instytut Pamięci Narodowej - Komisja Ścigania Zbrodni przeciwko Narodowi Polskiemu.
rodzaj współpracy Instytucja sprawcza
-- Wydawca
kod rodzaju współpracy pbl
9 (RLIN) 11792
710 2# - Hasło dodatkowe - nazwa ciała zbior.
nazwa ciała zbior. lub nazwa geogr. Rok 1989 - Mechanizmy Transformacji Ustrojowej.
9 (RLIN) 39639
920 ## - ISBN
ISBN 978-83-8098-632-9 (oprawa twarda) : zł 35,00
942 ## - ADDED ENTRY ELEMENTS (KOHA)
Source of classification or shelving scheme Dewey Decimal Classification
Koha item type pozycje dostępne na miejscu
Egzemplarze
Status wycofania Status zagubienia Klasyfikacja Status uszkodzenia Blokada wypożyczeń Kolekcja Lokalizacja macierzysta Lokalizacja bieżąca Data nabycia Numer akcesji Źródło akcesji Cena Nr inwentarzowy il. wypożyczeń Sygnatura Kod kreskowy Date last seen Price effective from Typ egz.
    Dewey Decimal Classification nieuszkodzona   książka w magazynie Biblioteka Instytutu Północnego w Olsztynie Biblioteka Instytutu Północnego w Olsztynie 25/11/2019 D-38/2019 dar 35.00 59856   59856 IPWK21555 08/04/2026 08/04/2026 pozycje dostępne na miejscu
Biblioteka Instytutu Północnego, ul. Partyzantów 87, 10-402 Olsztyn, email: biblioteka(at)ip.olsztyn.pl